精彩广东 (Record no. 45309)

000 -LEADER
fixed length control field 00512nam a22001937a 4500
003 - CONTROL NUMBER IDENTIFIER
control field MPLRDC
005 - DATE AND TIME OF LATEST TRANSACTION
control field 20220104144005.0
008 - FIXED-LENGTH DATA ELEMENTS--GENERAL INFORMATION
fixed length control field 210129b ||||| |||| 00| 0 eng d
020 ## - INTERNATIONAL STANDARD BOOK NUMBER
International Standard Book Number 986-7941-70-5
082 ## - DEWEY DECIMAL CLASSIFICATION NUMBER
Classification number 690.33 LRH
100 ## - MAIN ENTRY--PERSONAL NAME
Personal name 李若姮等
245 ## - TITLE STATEMENT
Title 精彩广东
Statement of responsibility, etc. 庄明颖等摄影
250 ## - EDITION STATEMENT
Edition statement 初版
260 ## - PUBLICATION, DISTRIBUTION, ETC.
Place of publication, distribution, etc. 台湾
Name of publisher, distributor, etc. 墨刻出版股份有限公司
Date of publication, distribution, etc. 2003
300 ## - PHYSICAL DESCRIPTION
Other physical details 111
490 ## - SERIES STATEMENT
Series statement MOOK自游自在杂志书. 125
650 ## - SUBJECT ADDED ENTRY--TOPICAL TERM
Topical term or geographic name entry element 中国游记--广东
942 ## - ADDED ENTRY ELEMENTS (KOHA)
Koha item type Book
-- 690.33 LRH
Holdings
Withdrawn status Lost status Source of classification or shelving scheme Damaged status Not for loan Collection code Home library Current library Shelving location Date acquired Cost, normal purchase price Total Checkouts Full call number Barcode Date last seen Date last checked out Price effective from Koha item type Public note
            Malaysian Public Library, Research and Development Centre Malaysian Public Library, Research and Development Centre   10/12/2007 10.00   690.33 LRH 00045461 18/03/2021 14/07/2016 18/03/2021 Book mplrdc

© 2022. Malaysian Public Library, Research and Development Centre. All Right ReservedE-mailmplrdc@help.edu.my 

Powered by Koha